Rozsypanka literowa - miasta w województwie zachodniopomorskim - Statystyki

Ogólne statystyki
  • Ten quiz został rozwiązany 18 razy
  • Średni wynik to 16 z 20
Statystyki odpowiedzi
Miasto % Poprawnych
Wałcz
100%
Dębno
94%
Gryfice
94%
Gryfino
94%
Szczecin
94%
Szczecinek
89%
Białogard
83%
Darłowo
83%
Goleniów
83%
Police
83%
Świnoujście
83%
Kołobrzeg
78%
Stargard
78%
Choszczno
72%
Koszalin
72%
Świdwin
72%
Nowogard
61%
Pyrzyce
61%
Barlinek
44%
Złocieniec
33%
Nie znaleziono quizów pasujących do podanych kryteriów
Rozkład punktacji
Procent ludzi z każdym wynikiem
Percentyl według liczby udzielonych odpowiedzi
Twoja historia wyników
Nie rozwiązałeś tego quizu